000 00363nam a2200133Ia 4500
041 _aArabic
082 _a341,21 cut-994 ح
100 _a20260118u\\\\\\\\\\\y0engy0103\\\\ba
100 _aرحمن الجبوري
245 0 _aالمبادي الاساسية لعمل المنظمات غير الحكومية
250 _aط1
300 _a76
942 _cBk
999 _c188625
_d188625